000 01166nam a22003137a 4500
001 0007181
003 KOHA_MİRAKIL
005 20260207001548.0
007 ta
008 090904b1996 tu |||gr||||#||||1|tur |
020 _c0,01
040 _aTR-BiSEU
_btur
_cTR-BiSEU
_erda
041 0 _atur
044 _ctu
050 _aPL203
_b.T35 1996
245 0 _aTalim-i Edebiyat'ın retorik ve edebiyat nazariyatı sahasında getirdiği yenilikler/
_ceditör Kazım Yetiş.
264 1 _aAnkara :
_bAtatürk Kültür, Dil ve Tarih Yüksek Kurumu
_c1996
300 _aXXV, 686 sayfa; 24 cm.
336 _ametin
_btxt
_2rdacontent
337 _aaracısız
_bn
_2rdamedia
338 _acilt
_bnc
_2rdacarrier
490 1 _aAtatürk Kültür, Dil ve Tarih Yüksek Kurumu Atatürk Kültür Merkezi yayını ;
_vSayı: 104.
500 _aKaynakça var.
650 0 _aTürk edebiyatı--Edebiyat incelemesi.
_917740
650 0 _aRecaizade Mahmut Ekrem, 1847-1914.
_917741
650 0 _aTurkish literature--Literature review.
_917742
830 1 _aAtatürk Kültür, Dil ve Tarih Yüksek Kurumu Atatürk Kültür Merkezi yayını ;
_vSayı: 104.
_912362
942 _2lcc
_cBK
999 _c7161
_d7161